| 000 | 01093cab a22002295a 4500 | ||
|---|---|---|---|
| 001 | L148623 | ||
| 008 | 091013s2009 xxk f g 000 0 eng d | ||
| 035 | _a(Sirsi) u148623 | ||
| 041 | 0 | _aeng | |
| 100 | 1 | _aSmith, David | |
| 245 | 0 | 0 |
_aOFT v Foxtons _bimplications for lettings |
| 260 | _c2009 | ||
| 490 |
_aThe Estate Agent _vSeptember 2009, 29-32(3) |
||
| 520 | _aCommentary on the court's judgment on the case "Office of Fair Trading v Foxtons Limited" of 10 July 2009. Provides a detailed analysis of the relevant law, the history of the case, the issues still not resolved. Includes a practice note to help estate agents in dealing with changes resulting from this decision. Other related records can be found by searching "Office Of Fair Trading v Foxtons Ltd" as a subject in the catalogue. | ||
| 590 | _aKA | ||
| 650 | 2 | 4 | _aOFFICE OF FAIR TRADING V FOXTONS LTD |
| 650 | 2 | 4 | _aUNFAIR TERMS IN CONSUMER CONTRACTS 1999 |
| 651 | 4 |
_aEngland and Wales _y1543- |
|
| 690 | _aMANAGEMENT-PROJECT MANAGEMENT-CONTRACT ADMINISTRATION | ||
| 690 |
_aLandlord and tenant _96252 |
||
| 942 | _n0 | ||
| 999 |
_c81912 _d81912 |
||